| 000 | 01105cam a2200133 4500500 | ||
|---|---|---|---|
| 005 | 20260405085503.0 | ||
| 041 | _afre | ||
| 042 | _adc | ||
| 100 | 1 | 0 |
_aLe Naour, Jean-Yves _eauthor |
| 245 | 0 | 0 | _aFusillé sur son brancard : L'affaire Chapelant et les fantômes de la Grande Guerre |
| 260 |
_bArmand Colin,
_c2019. |
||
| 520 | _aJulien Chapelant a été fusillé le 11 octobre 1914 pour reddition. Blessé, la jambe fracturée, il a été fusillé ligoté sur son brancard, ce qui a révolté l’opinion et soulevé des débats parlementaires jusqu’en 1934.La question qui se pose encore aujourd’hui est : le sous-lieutenant Chapelant était-il coupable ou innocent ? À la manière d’un enquêteur, Jean-Yves Le Naour nous livre les faits et les témoignages qu’il a pu recueillir tout au long de son travail d’investigation. Il fait un travail d’historien inédit : donner la parole aux accusateurs et aux défenseurs. Au lecteur de se faire sa propre opinion. | ||
| 856 | 4 | 1 | _uhttps://shs.cairn.info/fusille-sur-son-brancard--9782200625139?lang=fr&redirect-ssocas=7080 |
| 999 |
_c2197958 _d2197958 |
||